000
00297nam a22001337a 4500
008
170817b xxu||||| |||| 00| 0 eng d
020
_a
0669095680
041
_a
eng
080
_a
51
100
_a
36
101
_a
MAT
245
_a
CALCULUS WITH ANALYTIC GEOMETRY
_c
LARSON,R.E
942
_2
udc
_c
BK
999
_c
23801
_d
23801